000 00758nam a22002537a 4500
001 62102
003 BD-RjUL
005 20211209081037.0
008 170122s1978 enka|||| b||| 001 0 eng d
020 _a0870113356 :
020 _a0870113364 :
035 _a(BD-RjUL)62227
040 _aBD-RjUL
_beng
_cBD-RjUL
_dBD-RjUL
041 _aeng
082 _223
_a709.52
_bNOA 1978
100 _aNoma, Seiroku
_9184751
245 _aThe arts of Japan :
_blate medieval to modern /
_cSeiroku Noma
260 _aLondon :
_bKodansha International,
_c1978.
300 _a326 p. :
_bill. ;
_c26 cm.
504 _aIncludes Bibliography and index.
650 _aArt, Japanese
_y17th-18th Centuries
_9184752
650 _aArt, Modern
_9184753
942 _2ddc
_cBK
999 _c62102
_d62102